<?xml version="1.0" encoding="UTF-8"?>
<collection xmlns="http://www.loc.gov/MARC21/slim">
  <record>
    <leader>00000nam  2200000   4500</leader>
    <controlfield tag="001">INLIS000000000019051</controlfield>
    <controlfield tag="005">20250203121142</controlfield>
    <datafield tag="035" ind1="#" ind2="#">
      <subfield code="a">0010-0225000008</subfield>
    </datafield>
    <controlfield tag="007">ta</controlfield>
    <controlfield tag="008">250203################g##########0#ind##</controlfield>
    <datafield tag="020" ind1="#" ind2="#">
      <subfield code="a">978-602-5850-08-0</subfield>
    </datafield>
    <datafield tag="082" ind1="#" ind2="#">
      <subfield code="a">621.3815</subfield>
    </datafield>
    <datafield tag="084" ind1="#" ind2="#">
      <subfield code="a">621.3815 TAU d</subfield>
    </datafield>
    <datafield tag="100" ind1=" " ind2="#">
      <subfield code="a">Taufiq Afandi</subfield>
    </datafield>
    <datafield tag="245" ind1="1" ind2="#">
      <subfield code="a">Dasar-Dasar Teknik Digital /</subfield>
      <subfield code="c">Taufiq Afandi, Untung Suprapto, Winih Wicaksono</subfield>
    </datafield>
    <datafield tag="260" ind1="#" ind2="#">
      <subfield code="a">Klaten :</subfield>
      <subfield code="b">Saka Mitra Kompetensi,</subfield>
      <subfield code="c">2018</subfield>
    </datafield>
    <datafield tag="300" ind1="#" ind2="#">
      <subfield code="a">iv, 60 hlm ;</subfield>
      <subfield code="c">999.6 KB</subfield>
    </datafield>
    <datafield tag="650" ind1="#" ind2="4">
      <subfield code="a">Teknik Digital</subfield>
    </datafield>
    <datafield tag="520" ind1="#" ind2="#">
      <subfield code="a">Sistem digital sudah menjadi penguasa pengolah sinyal dan informasi dalam bidang elektronika. Hampir di segala bidang elektronika sistem analog sudah mulai di tinggalkan. Ketepatan, kemudahan, dan keandalan sistem digital telah mengalahkan sistem analog. Namun, kita tidak bisa semata-mata membanding-bandingkan kedua sistem tersebut karena pada aplikasinya sistem digital tidak pernah terlepas dari sistem analog. Puji syukur penulis panjatkan kepada Tuhan Yang Maha Esa yang atas rahmat-Nya buku Dasar-Dasar Teknik Digital ini dapat terwujud. Buku ini merupakan kumpulan teori dasar sistem digital yang  di susun secara terstruktur,  baik  sistem bilangan digital, digital kombinasional, maupun digital sekuensial. Buku ini di susun untuk membantu guru dan siswa dalam memahami teknik digital. Buku ini di sajikan secara runtut dan sistematis, dimulai dari apersepsi,uraian materi, informasi menarik seputar materi, dan refleksi. Dengan demikian, para pembaca di harapkan memiliki pemahaman yang lengkap mengenai dasar teknik digital.</subfield>
    </datafield>
    <datafield tag="856" ind1="#" ind2="#">
      <subfield code="a">https://web-ipustakalan.moco.co.id/book/9d370373-c17f-4616-a682-f84b80ee6f69</subfield>
    </datafield>
    <datafield tag="990" ind1="#" ind2="#">
      <subfield code="a">2024/4/A/0110</subfield>
    </datafield>
    <datafield tag="990" ind1="#" ind2="#">
      <subfield code="a">2024/4/A/0111</subfield>
    </datafield>
  </record>
</collection>
